[Event "FISU World University"]
[Site "Tornelo INT"]
[Date "2020.10.28"]
[Round "7.11"]
[White "Ivekovic, Tihana"]
[Black "Rodrigues, Vanessa Ketlyn Sous"]
[Result "1-0"]
[WhiteElo "2127"]
[BlackElo "1744"]
[PlyCount "67"]
[EventDate "2020.10.26"]
[EventType "team-swiss (rapid)"]
[EventRounds "9"]
[EventCountry "NET"]
[SourceTitle "CBM 199 Extra"]
[Source "ChessBase"]
[SourceDate "2021.01.31"]
[SourceVersion "1"]
[SourceVersionDate "2021.01.31"]
[SourceQuality "1"]
[WhiteTeam "Croatia"]
[BlackTeam "Brazil II"]
[WhiteTeamCountry "CRO"]
[BlackTeamCountry "BRA"]

1. d4 Nf6 2. c4 c5 3. d5 b5 4. cxb5 a6 5. bxa6 Bxa6 6. Nc3 d6 7. e4 Bxf1 8. Kxf1 g6 9. Nf3 Bg7 10. g3 0-0 11. Kg2 Nbd7 12. a4 Qa5 13. Ra3 Ng4 14. Qc2 Nge5 15. Nxe5 Nxe5 16. Nb5 Rfc8 17. f4 Ng4 18. h3 Nf6 19. Bd2 Qb6 20. Bc3 c4 21. Re1 Nd7 22. Bxg7 Kxg7 23. Qc3+ f6 24. Nd4 Nc5 25. a5 Qb8 26. Nc6 Qb5 27. Nd4 Qa6 28. e5 Nd3 29. exf6+ Kg8 30. Rxe7 Re8 31. f7+ Kf8 32. fxe8Q+ Rxe8 33. Ne6+ Kxe7 34. Qg7# 1-0

[Event "FISU World University"]
[Site "Tornelo INT"]
[Date "2020.10.28"]
[Round "9.13"]
[White "Rodrigues, Vanessa Ketlyn Sous"]
[Black "Barmagambetov, Sagynysh"]
[Result "0-1"]
[WhiteElo "1744"]
[BlackElo "1776"]
[PlyCount "76"]
[EventDate "2020.10.26"]
[EventType "team-swiss (rapid)"]
[EventRounds "9"]
[EventCountry "NET"]
[SourceTitle "CBM 199 Extra"]
[Source "ChessBase"]
[SourceDate "2021.01.31"]
[SourceVersion "1"]
[SourceVersionDate "2021.01.31"]
[SourceQuality "1"]
[WhiteTeam "Brazil II"]
[BlackTeam "Kazakhstan III"]
[WhiteTeamCountry "BRA"]
[BlackTeamCountry "KAZ"]

1. e4 e6 2. d4 d5 3. exd5 exd5 4. Nf3 Nf6 5. h3 h6 6. Bd3 Bd6 7. 0-0 0-0 8. c3 c6 9. Re1 Be6 10. Be3 Nbd7 11. Qd2 Ne4 12. Qc2 f5 13. c4 Rc8 14. Nc3 a6 15. c5 Bb8 16. Qb3 Qc7 17. Bxe4 fxe4 18. Nxe4 Rxf3 19. Nd6 Rf6 20. Nxc8 Qxc8 21. Re2 Qc7 22. g3 Bxh3 23. Rae1 Rf8 24. Bf4 Qc8 25. Be5 Bxe5 26. dxe5 Nxc5 27. Qe3 Ne4 28. Kh2 Bg4 29. Rc2 Bf3 30. Qb3 Qg4 31. Rxe4 Bxe4 32. f4 Qh5+ 33. Kg1 Qh1+ 34. Kf2 Qg2+ 35. Ke3 Bxc2 36. Qxb7 Qe4+ 37. Kd2 Qd3+ 38. Kc1 Qd1# 0-1

[Event "Fortaleza Cearense zt"]
[Site "Fortaleza"]
[Date "2019.09.29"]
[Round "5"]
[White "Lima, Helio Viana Correia"]
[Black "Rodrigues, Vanessa Ketlyn Sous"]
[Result "1-0"]
[WhiteElo "1910"]
[BlackElo "1726"]
[PlyCount "51"]
[EventDate "2019.09.26"]
[EventType "swiss"]
[EventRounds "6"]
[EventCountry "BRA"]
[SourceTitle "EXT 2020"]
[Source "ChessBase"]
[SourceDate "2019.10.17"]
[SourceVersion "1"]
[SourceVersionDate "2019.10.17"]
[SourceQuality "1"]

1. d4 Nf6 2. c4 c5 3. d5 b5 4. cxb5 a6 5. Nc3 axb5 6. e4 b4 7. Nb5 d6 8. Bc4 Nxe4 9. Qe2 Nf6 10. Bf4 Kd7 11. Nf3 h6 12. Rc1 Qb6 13. 0-0 Ba6 14. a4 bxa3 15. Rfd1 a2 16. b4 cxb4 17. Qxa2 Bb7 18. Qb3 Na6 19. Be3 Nc5 20. Qxb4 Kd8 21. Ne5 Ke8 22. Nxd6+ Qxd6 23. Bxc5 Qxe5 24. Qxb7 Rd8 25. Bb5+ Nd7 26. Bb6 1-0

[Event "Fortaleza Cearense zt"]
[Site "Fortaleza"]
[Date "2019.09.27"]
[Round "2"]
[White "Machado Neto, Pedro Ferreira"]
[Black "Rodrigues, Vanessa Ketlyn Sous"]
[Result "0-1"]
[WhiteElo "1789"]
[BlackElo "1726"]
[PlyCount "52"]
[EventDate "2019.09.26"]
[EventType "swiss"]
[EventRounds "6"]
[EventCountry "BRA"]
[SourceTitle "EXT 2020"]
[Source "ChessBase"]
[SourceDate "2019.10.17"]
[SourceVersion "1"]
[SourceVersionDate "2019.10.17"]
[SourceQuality "1"]

1. e4 c5 2. Nf3 d6 3. d4 cxd4 4. Nxd4 Nf6 5. Nc3 g6 6. Be3 Bg7 7. f3 0-0 8. Bc4 Nc6 9. Qd2 Bd7 10. 0-0-0 Rc8 11. Bb3 Ne5 12. Kb1 Nc4 13. Bxc4 Rxc4 14. g4 Qc7 15. h4 a6 16. h5 b5 17. hxg6 fxg6 18. Bh6 Nxe4 19. Qh2 Nxc3+ 20. bxc3 Rf7 21. Rd3 Rxc3 22. Qd2 Bxd4 23. Rxd4 Rcxf3 24. Qh2 Qc3 25. Rf4 R3xf4 26. Bxf4 Qb4+ 0-1

[Event "Fortaleza Cearense zt"]
[Site "Fortaleza"]
[Date "2019.09.26"]
[Round "1"]
[White "Rodrigues, Vanessa Ketlyn Sous"]
[Black "Brandao, Marcius Gomes"]
[Result "1-0"]
[WhiteElo "1726"]
[BlackElo "2019"]
[PlyCount "51"]
[EventDate "2019.09.26"]
[EventType "swiss"]
[EventRounds "6"]
[EventCountry "BRA"]
[SourceTitle "EXT 2020"]
[Source "ChessBase"]
[SourceDate "2019.10.17"]
[SourceVersion "1"]
[SourceVersionDate "2019.10.17"]
[SourceQuality "1"]

1. e4 c5 2. Nc3 g6 3. f4 Bg7 4. Nf3 Nc6 5. Bc4 e6 6. Nb5 d6 7. a4 Nge7 8. 0-0 0-0 9. d3 d5 10. Ba2 a6 11. Nc3 Nb4 12. e5 Nxa2 13. Rxa2 Bd7 14. Qe1 Nc6 15. Qf2 b6 16. d4 Qe7 17. Be3 c4 18. Raa1 Nb4 19. b3 Rfc8 20. Na2 b5 21. Qd2 Bf8 22. f5 exf5 23. Bg5 Qe6 24. Bf6 h5 25. Nxb4 c3 26. Qg5 1-0

[Event "BRA-ch U26 (Women)"]
[Site "Brasilia"]
[Date "2019.04.26"]
[Round "7"]
[White "Rodrigues, Vanessa Ketlyn Sous"]
[Black "Librelato, Kathie Goulart"]
[Result "0-1"]
[WhiteElo "1891"]
[BlackElo "2184"]
[PlyCount "64"]
[EventDate "2019.04.23"]
[EventType "swiss"]
[EventRounds "7"]
[EventCountry "BRA"]
[SourceTitle "CBM 190 Extra"]
[Source "ChessBase"]
[SourceDate "2019.07.15"]
[SourceVersion "1"]
[SourceVersionDate "2019.07.15"]
[SourceQuality "1"]

1. e4 e5 2. Nf3 Nc6 3. Bc4 Nf6 4. Nc3 Nxe4 5. Nxe4 d5 6. Bxd5 Qxd5 7. d3 Bg4 8. h3 Bh5 9. Be3 0-0-0 10. 0-0 f5 11. Nc3 Bxf3 12. Nxd5 Bxd1 13. Nxc7 Kxc7 14. Rfxd1 f4 15. Bd2 Bc5 16. Bc3 Bd4 17. Bxd4 Nxd4 18. c3 Nc6 19. Kf1 Rd6 20. Rac1 Rhd8 21. Ke2 Ne7 22. b4 Ra6 23. Rc2 Nd5 24. d4 Rxa2 25. Rxa2 Nxc3+ 26. Kf3 Nxa2 27. Ra1 Nxb4 28. dxe5 Nc6 29. Kxf4 Rf8+ 30. Kg3 Nxe5 31. Rxa7 Nc6 32. Ra4 b5 0-1

[Event "BRA-ch U26 (Women)"]
[Site "Brasilia"]
[Date "2019.04.24"]
[Round "2"]
[White "Rodrigues, Vanessa Ketlyn Sous"]
[Black "Ramalho, Maria Ruthiane Basi"]
[Result "1-0"]
[WhiteElo "1891"]
[BlackElo "1800"]
[PlyCount "59"]
[EventDate "2019.04.23"]
[EventType "swiss"]
[EventRounds "7"]
[EventCountry "BRA"]
[SourceTitle "CBM 190 Extra"]
[Source "ChessBase"]
[SourceDate "2019.07.15"]
[SourceVersion "1"]
[SourceVersionDate "2019.07.15"]
[SourceQuality "1"]

1. e4 e5 2. Nf3 Nc6 3. Bc4 Be7 4. 0-0 d6 5. h3 Nf6 6. Re1 0-0 7. d4 Na5 8. Bd3 Be6 9. d5 Bd7 10. b4 Nc6 11. dxc6 Bxc6 12. a3 a6 13. Nc3 Re8 14. Bc4 Rf8 15. Bb2 b5 16. Bb3 Qd7 17. Qd3 Rad8 18. Rad1 h6 19. Qe2 Bb7 20. Nxe5 Qe8 21. Ng6 d5 22. Nxf8 Bxf8 23. e5 d4 24. Nb1 Ne4 25. Rxd4 c5 26. Rxd8 Qxd8 27. Rd1 Qg5 28. Bd5 c4 29. Qxe4 Qe7 30. Bxb7 1-0

[Event "BRA-ch Universities (Women)"]
[Site "Vitoria"]
[Date "2018.06.07"]
[Round "2"]
[White "Rodrigues, Vanessa Ketlyn Sous"]
[Black "Medeiros, Thauane Ferreira"]
[Result "0-1"]
[WhiteElo "1756"]
[BlackElo "2016"]
[PlyCount "164"]
[EventDate "2018.06.06"]
[EventType "swiss"]
[EventRounds "7"]
[EventCountry "BRA"]
[SourceTitle "EXT 2019"]
[Source "ChessBase"]
[SourceDate "2018.10.10"]
[SourceVersion "1"]
[SourceVersionDate "2018.10.10"]
[SourceQuality "1"]

1. e4 e6 2. d4 d5 3. exd5 exd5 4. Nf3 Bd6 5. Bd3 Ne7 6. Bg5 f6 7. Bh4 Bf5 8. Qe2 Bxd3 9. Qxd3 c6 10. Nbd2 Qd7 11. Nf1 0-0 12. Ne3 Na6 13. c3 Nc7 14. 0-0 Rae8 15. Rae1 Bf4 16. Re2 Bxe3 17. fxe3 Nf5 18. Bf2 Nd6 19. Nd2 Ne4 20. Nxe4 Rxe4 21. Bg3 Rfe8 22. Rf4 Rxf4 23. Bxf4 Ne6 24. Rf2 Qe7 25. Qf5 Nxf4 26. exf4 Qe3 27. Qb1 Re4 28. g3 h5 29. Qd1 h4 30. Kg2 h3+ 31. Kh1 Re7 32. Qd2 Qe4+ 33. Kg1 f5 34. Rf1 Kf7 35. Qf2 Re6 36. Qf3 Qc2 37. Qh5+ Kg8 38. Qxh3 Re2 39. g4 fxg4 40. Qxg4 Rxh2 41. Qg3 Rh6 42. f5 Qe4 43. Qg2 Qxg2+ 44. Kxg2 Kf7 45. Kg3 Rh5 46. Rf2 Kf6 47. Re2 Rxf5 48. Re8 Kg6 49. Ra8 a6 50. Rb8 Rf7 51. Re8 Kf6 52. Kg4 Rc7 53. Rf8+ Kg6 54. Rb8 Kf7 55. Kf5 g6+ 56. Kg5 Kg7 57. Rd8 Rf7 58. Kg4 Rf1 59. Rd7+ Kh6 60. Rxb7 Rg1+ 61. Kf3 Kg5 62. Rb8 Rf1+ 63. Kg2 Rb1 64. Rb6 Kg4 65. b4 Rb2+ 66. Kf1 Kf3 67. Ke1 Ke3 68. Kd1 Kd3 69. Kc1 Rc2+ 70. Kd1 Rxa2 71. Ke1 Ke3 72. Kf1 g5 73. Rxc6 g4 74. Rg6 Kf4 75. Rf6+ Kg3 76. Rf5 Rc2 77. Rxd5 Rxc3 78. Rd6 Ra3 79. d5 Kf3 80. Rf6+ Ke3 81. d6 Rd3 82. d7 Rxd7 0-1

[Event "BRA-ch U26 (Women)"]
[Site "Goiania"]
[Date "2017.10.20"]
[Round "3"]
[White "Rodrigues, Vanessa Ketlyn Sous"]
[Black "Coelho, Ramyres Santana"]
[Result "0-1"]
[WhiteElo "1756"]
[BlackElo "1983"]
[PlyCount "48"]
[EventDate "2017.10.19"]
[EventType "swiss"]
[EventRounds "7"]
[EventCountry "BRA"]
[SourceTitle "CBM 181 Extra"]
[Source "ChessBase"]
[SourceDate "2017.12.12"]
[SourceVersion "1"]
[SourceVersionDate "2017.12.12"]
[SourceQuality "1"]

1. e4 c5 2. Nf3 d6 3. d4 cxd4 4. Nxd4 Nf6 5. Nc3 a6 6. Bc4 e6 7. Be3 b5 8. Bd3 Be7 9. 0-0 0-0 10. a3 Bb7 11. h3 Nbd7 12. f4 Qc7 13. Qe2 Nc5 14. Bf2 Rfe8 15. Rae1 e5 16. fxe5 dxe5 17. Bg3 Nxd3 18. Qxd3 Qc5 19. Bxe5 Qxe5 20. Rf5 Qc7 21. Nb3 Rad8 22. Qf1 Bxa3 23. bxa3 Qxc3 24. e5 Bd5 0-1

[Event "BRA-ch U26 (Women)"]
[Site "Cuiaba"]
[Date "2016.11.06"]
[Round "7"]
[White "Rodrigues, Jadna Couto"]
[Black "Rodrigues, Vanessa Ketlyn Sous"]
[Result "0-1"]
[WhiteElo "1523"]
[BlackElo "1742"]
[PlyCount "122"]
[EventDate "2016.11.03"]
[EventType "swiss"]
[EventRounds "7"]
[EventCountry "BRA"]
[SourceTitle "CBM 175 Extra"]
[Source "ChessBase"]
[SourceDate "2016.12.12"]
[SourceVersion "1"]
[SourceVersionDate "2016.12.12"]
[SourceQuality "1"]

1. e4 d5 2. exd5 Qxd5 3. Nc3 Qa5 4. Nf3 Nf6 5. Be2 Bf5 6. 0-0 c6 7. a3 e6 8. d4 Bd6 9. Bd3 Bg4 10. h3 Bh5 11. Ne4 Qc7 12. Nxd6+ Qxd6 13. Re1 Bxf3 14. Qxf3 Qxd4 15. c3 Qd5 16. Be4 Nxe4 17. Qxe4 Qxe4 18. Rxe4 Nd7 19. Be3 0-0 20. Rd1 Nf6 21. Red4 Nd5 22. c4 Nxe3 23. fxe3 f6 24. Kf2 Rf7 25. Rd7 Rb8 26. Rd8+ Rf8 27. R8d7 Rf7 28. Rd8+ Rxd8 29. Rxd8+ Rf8 30. Rd7 Rb8 31. b4 a6 32. a4 b5 33. cxb5 cxb5 34. a5 Ra8 35. Ke2 h6 36. Kd3 Kh7 37. Kd4 Rc8 38. Rd6 Rc4+ 39. Kd3 Rxb4 40. Rxa6 Ra4 41. Rxe6 Rxa5 42. Rb6 Ra2 43. g4 Rh2 44. Rxb5 Rxh3 45. Rb4 Rg3 46. Ke2 h5 47. gxh5 Kh6 48. Rb1 Kxh5 49. Kf2 Rg5 50. Kf3 Re5 51. Rh1+ Kg6 52. Rg1+ Kf7 53. Rg4 g5 54. Rb4 Kg6 55. e4 f5 56. exf5+ Kxf5 57. Rg4 Re3+ 58. Kxe3 Kxg4 59. Kf2 Kf4 60. Kg2 Kg4 61. Kg1 Kg3 0-1

[Event "BRA-ch U26 (Women)"]
[Site "Cuiaba"]
[Date "2016.11.05"]
[Round "4"]
[White "Rodrigues, Vanessa Ketlyn Sous"]
[Black "Cisz, Isadora Bernardo"]
[Result "0-1"]
[WhiteElo "1742"]
[BlackElo "1653"]
[PlyCount "96"]
[EventDate "2016.11.03"]
[EventType "swiss"]
[EventRounds "7"]
[EventCountry "BRA"]
[SourceTitle "CBM 175 Extra"]
[Source "ChessBase"]
[SourceDate "2016.12.12"]
[SourceVersion "1"]
[SourceVersionDate "2016.12.12"]
[SourceQuality "1"]

1. e4 e5 2. Nf3 Nf6 3. d4 exd4 4. e5 Nd5 5. Qxd4 Nb6 6. Bg5 Be7 7. Bxe7 Qxe7 8. Bd3 d6 9. 0-0 Nc6 10. Qe4 d5 11. Qe2 Bg4 12. Re1 Nd4 13. Qe3 Nxf3+ 14. gxf3 Be6 15. Nd2 0-0-0 16. Qf4 g5 17. Qd4 h5 18. Be2 h4 19. Kg2 h3+ 20. Kh1 Rh4 21. Qd3 Rf4 22. Qh7 Bf5 23. Qg7 Nd7 24. Bd3 Be6 25. Re2 Re8 26. Rg1 g4 27. Qh6 Rb4 28. fxg4 Bxg4 29. f3 Be6 30. b3 Rf8 31. Rg7 Qc5 32. f4 d4 33. Nc4 Bd5+ 34. Kg1 Bf3 35. Rf2 Bg2 36. Bf1 Qd5 37. Bxg2 hxg2 38. Rfxg2 d3 39. Rd2 Qd4+ 40. Kh1 dxc2 41. Rxd4 c1Q+ 42. Rg1 Qc3 43. Rxd7 Qf3+ 44. Rg2 Rg8 45. Rxc7+ Kb8 46. Rc8+ Kxc8 47. Ne3 Rd4 48. h3 Rd2 0-1

[Event "BRA-ch U26 (Women)"]
[Site "Cuiaba"]
[Date "2016.11.04"]
[Round "2"]
[White "Rodrigues, Vanessa Ketlyn Sous"]
[Black "Lopes, Bianca Luanna Barro"]
[Result "1/2-1/2"]
[WhiteElo "1742"]
[BlackElo "1526"]
[PlyCount "34"]
[EventDate "2016.11.03"]
[EventType "swiss"]
[EventRounds "7"]
[EventCountry "BRA"]
[SourceTitle "CBM 175 Extra"]
[Source "ChessBase"]
[SourceDate "2016.12.12"]
[SourceVersion "1"]
[SourceVersionDate "2016.12.12"]
[SourceQuality "1"]

1. e4 e5 2. Nf3 Nc6 3. Bc4 Bc5 4. 0-0 d6 5. h3 Nf6 6. Nc3 0-0 7. d3 h6 8. Qe2 Re8 9. Be3 Bb6 10. Bxb6 axb6 11. Rad1 Be6 12. Bxe6 fxe6 13. d4 exd4 14. Nxd4 Nxd4 15. Rxd4 e5 16. Rd2 Qe7 17. Qc4+ Kh8 1/2-1/2

[Event "BRA-ch U26 (Women)"]
[Site "Cuiaba"]
[Date "2016.11.03"]
[Round "1"]
[White "Da Costa, Andressa Soeiro"]
[Black "Rodrigues, Vanessa Ketlyn Sous"]
[Result "0-1"]
[WhiteElo "1765"]
[BlackElo "1742"]
[PlyCount "58"]
[EventDate "2016.11.03"]
[EventType "swiss"]
[EventRounds "7"]
[EventCountry "BRA"]
[SourceTitle "CBM 175 Extra"]
[Source "ChessBase"]
[SourceDate "2016.12.12"]
[SourceVersion "1"]
[SourceVersionDate "2016.12.12"]
[SourceQuality "1"]

1. e4 d5 2. d3 dxe4 3. Nc3 exd3 4. Bxd3 Nc6 5. Nf3 e5 6. Bd2 Nf6 7. Qe2 Bd6 8. h3 0-0 9. Ne4 Nd4 10. Nxf6+ Qxf6 11. Nxd4 exd4 12. 0-0-0 Bf5 13. g4 Rfe8 14. Qf3 Bxd3 15. Qxd3 Qxf2 16. Rhf1 Qg3 17. Qf5 Kh8 18. Qd7 Re7 19. Qf5 Qe5 20. Qd3 Rae8 21. Rde1 Qd5 22. Rxe7 Rxe7 23. Re1 Qxa2 24. Kd1 Qb1+ 25. Bc1 Rxe1+ 26. Kxe1 Qxc1+ 27. Ke2 Qe3+ 28. Qxe3 dxe3 29. Kxe3 g6 0-1

[Event "Farias Brito Cearense-ch 55th"]
[Site "Farias Brito"]
[Date "2013.12.15"]
[Round "6"]
[White "Rodrigues, Vanessa Ketlyn Sous"]
[Black "Da Sousa, Virginio Aleixo"]
[Result "1-0"]
[WhiteElo "1758"]
[BlackElo "1552"]
[PlyCount "99"]
[EventDate "2013.12.12"]
[EventType "swiss"]
[EventRounds "6"]
[EventCountry "BRA"]
[SourceTitle "CBM 158 Extra"]
[Source "ChessBase"]
[SourceDate "2014.02.28"]
[SourceVersion "1"]
[SourceVersionDate "2014.02.28"]
[SourceQuality "1"]

1. e4 d6 2. d4 Nf6 3. Nc3 g6 4. Nf3 Bg7 5. Be2 0-0 6. 0-0 c6 7. Re1 Na6 8. Bxa6 bxa6 9. Rb1 Rb8 10. Bf4 Nh5 11. Be3 Qc7 12. Qd2 e5 13. dxe5 dxe5 14. b3 Rd8 15. Qe2 Nf4 16. Bxf4 exf4 17. Na4 Bf8 18. Rbd1 Bg4 19. h3 Bxf3 20. Qxf3 Qe5 21. Rd3 Rbc8 22. Red1 Be7 23. Rxd8+ Rxd8 24. Rxd8+ Bxd8 25. Qd1 Bb6 26. Nxb6 axb6 27. Qd8+ Kg7 28. Qxb6 Qxe4 29. Qc5 Qd5 30. Qxd5 cxd5 31. Kf1 Kf6 32. Ke2 Ke5 33. Kd3 g5 34. a4 h5 35. f3 f5 36. b4 g4 37. b5 axb5 38. axb5 Kd6 39. Kd4 gxh3 40. gxh3 h4 41. c3 Kc7 42. Kxd5 Kb6 43. c4 Kb7 44. c5 Kc7 45. b6+ Kb7 46. Kd6 Kb8 47. c6 Ka8 48. c7 Kb7 49. c8Q+ Kxb6 50. Qc4 1-0

[Event "Farias Brito Cearense-ch 55th"]
[Site "Farias Brito"]
[Date "2013.12.14"]
[Round "3"]
[White "Rodrigues, Francisco Arimateia"]
[Black "Rodrigues, Vanessa Ketlyn Sous"]
[Result "0-1"]
[WhiteElo "1638"]
[BlackElo "1758"]
[PlyCount "53"]
[EventDate "2013.12.12"]
[EventType "swiss"]
[EventRounds "6"]
[EventCountry "BRA"]
[SourceTitle "CBM 158 Extra"]
[Source "ChessBase"]
[SourceDate "2014.02.28"]
[SourceVersion "1"]
[SourceVersionDate "2014.02.28"]
[SourceQuality "1"]

1. d4 Nf6 2. c4 c5 3. d5 b5 4. cxb5 a6 5. bxa6 Bxa6 6. d6 e6 7. Bf4 Qb6 8. Qb3 Qxb3 9. axb3 Ne4 10. e3 Bb7 11. Rxa8 Bxa8 12. Nf3 Bxd6 13. Ne5 f6 14. Nc4 Bxf4 15. exf4 Ke7 16. Bd3 Nd6 17. 0-0 Nc6 18. Nb6 Bb7 19. Na4 Nb4 20. Nxc5 Bd5 21. Nc3 Bxb3 22. Ra1 Bc4 23. Bxc4 Nxc4 24. f5 Rc8 25. N5a4 Nxb2 26. g4 Nxa4 27. Rxa4 0-1

[Event "Farias Brito Cearense-ch 55th"]
[Site "Farias Brito"]
[Date "2013.12.14"]
[Round "4"]
[White "Rodrigues, Vanessa Ketlyn Sous"]
[Black "De Saboya E Silva, Jose Frederic"]
[Result "0-1"]
[WhiteElo "1758"]
[BlackElo "2184"]
[PlyCount "36"]
[EventDate "2013.12.12"]
[EventType "swiss"]
[EventRounds "6"]
[EventCountry "BRA"]
[SourceTitle "CBM 158 Extra"]
[Source "ChessBase"]
[SourceDate "2014.02.28"]
[SourceVersion "1"]
[SourceVersionDate "2014.02.28"]
[SourceQuality "1"]

1. e4 c5 2. Nf3 e6 3. c3 Nf6 4. Qc2 Qc7 5. d4 cxd4 6. Nxd4 a6 7. Bd3 d5 8. Nd2 e5 9. N4f3 Nc6 10. 0-0 Be7 11. exd5 Nxd5 12. Bxh7 Bg4 13. Bf5 Bxf5 14. Qxf5 g6 15. Qe4 0-0-0 16. Nc4 f5 17. Qe2 e4 18. Nd4 Qxh2# 0-1

[Event "Natal U15 op"]
[Site "Natal"]
[Date "2013.11.08"]
[Round "1"]
[White "Rodrigues, Vanessa Ketlyn Sous"]
[Black "Dos Santos, Andrezza Leal Rordr"]
[Result "1-0"]
[WhiteElo "1758"]
[BlackElo "1788"]
[PlyCount "69"]
[EventDate "2013.11.08"]
[EventType "swiss"]
[EventRounds "5"]
[EventCountry "BRA"]
[SourceTitle "EXT 2016"]
[Source "ChessBase"]
[SourceDate "2015.10.08"]
[SourceVersion "1"]
[SourceVersionDate "2015.10.08"]
[SourceQuality "1"]

1. e4 d5 2. exd5 Qxd5 3. Nc3 Qe5+ 4. Qe2 Qf6 5. Nf3 Bg4 6. d3 e6 7. Qe4 Bxf3 8. gxf3 c6 9. Bf4 Na6 10. 0-0-0 Nc5 11. Qe3 g6 12. Be5 Qe7 13. Bxh8 Nf6 14. Bxf6 Qxf6 15. d4 Nd7 16. Kb1 Bb4 17. Ne4 Qd8 18. Bc4 Qb6 19. Bb3 0-0-0 20. c3 Be7 21. Ng5 c5 22. Nxf7 Rf8 23. Qxe6 Qxe6 24. Bxe6 cxd4 25. Rxd4 Kc7 26. Rxd7+ Kb6 27. Rxe7 a6 28. Rd1 Ka7 29. Rdd7 Rb8 30. Bd5 a5 31. Rxb7+ Rxb7 32. Rxb7+ Ka8 33. Nd8 a4 34. Ne6 g5 35. Nc7# 1-0

[Event "Fortaleza Alves memorial 17th"]
[Site "Fortaleza"]
[Date "2013.05.19"]
[Round "6"]
[White "Reis, Virginia Lagrange M"]
[Black "Rodrigues, Vanessa Ketlyn Sous"]
[Result "1/2-1/2"]
[WhiteElo "1885"]
[BlackElo "1760"]
[PlyCount "132"]
[EventDate "2013.05.17"]
[EventType "swiss"]
[EventRounds "6"]
[EventCountry "BRA"]
[SourceTitle "CBM 154 Extra"]
[Source "ChessBase"]
[SourceDate "2013.06.25"]
[SourceVersion "2"]
[SourceVersionDate "2013.06.25"]
[SourceQuality "1"]

1. e4 e5 2. Nf3 Nc6 3. Bb5 d6 4. d4 Bd7 5. d5 Nce7 6. Bxd7+ Qxd7 7. Nc3 g6 8. Be3 Bg7 9. Qe2 f5 10. Ng5 fxe4 11. Ne6 Nf5 12. Nb5 Rc8 13. Nxa7 Nxe3 14. Nxc8 Nxd5 15. Nxg7+ Qxg7 16. Qxe4 Ngf6 17. Qa4+ Qd7 18. Qa8 0-0 19. Qxb7 Rxc8 20. a4 Qg4 21. 0-0 Kg7 22. a5 Nf4 23. Qf3 Ne2+ 24. Kh1 Qxf3 25. gxf3 Nd4 26. c3 Nc6 27. b4 Na7 28. Rfb1 Nd7 29. Kg1 Rb8 30. Kf1 Kf6 31. Ke2 Ke6 32. Kd3 d5 33. Ra2 Kd6 34. Rab2 Kc6 35. c4 d4 36. f4 Rf8 37. fxe5 Nxe5+ 38. Kxd4 Kd6 39. c5+ Ke6 40. Re2 Nb5+ 41. Ke3 Rf3+ 42. Kd2 Rd3+ 43. Ke1 Nc3 44. Ra1 Nxe2 45. Kxe2 Rd8 46. b5 Kd7 47. a6 Ra8 48. f4 Nf7 49. b6 cxb6 50. cxb6 Kc6 51. b7 Re8+ 52. Kd3 Kb6 53. Rb1+ Ka7 54. Kd4 Rb8 55. Ra1 Rd8+ 56. Kc5 Rd2 57. Kc6 Rb2 58. Kc7 Rc2+ 59. Kd7 Nh6 60. Rb1 Rd2+ 61. Kc8 Rc2+ 62. Kd7 Rd2+ 63. Kc7 Rc2+ 64. Kd6 Rd2+ 65. Kc7 Rc2+ 66. Kd7 Rd2+ 1/2-1/2

[Event "Fortaleza Alves memorial 17th"]
[Site "Fortaleza"]
[Date "2013.05.18"]
[Round "4"]
[White "Boabaid, Jorge Alberto Duard"]
[Black "Rodrigues, Vanessa Ketlyn Sous"]
[Result "0-1"]
[WhiteElo "1866"]
[BlackElo "1760"]
[PlyCount "68"]
[EventDate "2013.05.17"]
[EventType "swiss"]
[EventRounds "6"]
[EventCountry "BRA"]
[SourceTitle "CBM 154 Extra"]
[Source "ChessBase"]
[SourceDate "2013.06.25"]
[SourceVersion "2"]
[SourceVersionDate "2013.06.25"]
[SourceQuality "1"]

1. e4 c5 2. Nf3 d6 3. d4 cxd4 4. Nxd4 Nf6 5. Nc3 a6 6. Bg5 e5 7. Bxf6 Qxf6 8. Nd5 Qd8 9. Nb3 Be6 10. Be2 Nd7 11. 0-0 Rc8 12. f4 Nb6 13. f5 Bxd5 14. exd5 Be7 15. Na5 Qc7 16. c4 Qc5+ 17. Kh1 Qxa5 18. a3 Bf6 19. Qc2 Qc5 20. b4 Qc7 21. Qb3 0-0 22. Rac1 Bg5 23. Rc3 Nxd5 24. Rg3 Bf4 25. cxd5 Bxg3 26. Qxg3 Qc3 27. Qg4 f6 28. h4 Qe3 29. Kh2 Rc2 30. Bd1 Rfc8 31. Rf3 Qe1 32. Rg3 R8c7 33. Rd3 R2c4 34. Qe2 Rxh4+ 0-1

[Event "BRA-ch U20 Girls"]
[Site "Sao Paulo"]
[Date "2012.06.09"]
[Round "6"]
[White "Rodrigues, Vanessa Ketlyn Sous"]
[Black "Sena Moura, Danielle"]
[Result "0-1"]
[WhiteElo "1734"]
[BlackElo "1892"]
[PlyCount "98"]
[EventDate "2012.06.07"]
[EventType "swiss"]
[EventRounds "7"]
[EventCountry "BRA"]
[SourceTitle "EXT 2014"]
[Source "ChessBase"]
[SourceDate "2013.11.20"]
[SourceVersion "1"]
[SourceVersionDate "2013.11.20"]
[SourceQuality "1"]

1. d4 Nf6 2. Nf3 g6 3. Bf4 Bg7 4. e3 0-0 5. h3 d6 6. Nbd2 c5 7. c3 cxd4 8. cxd4 Be6 9. Bc4 Bxc4 10. Nxc4 b5 11. Ncd2 Qb6 12. 0-0 Nc6 13. Rc1 Nb4 14. Qb3 a5 15. e4 Rfc8 16. d5 Nd7 17. a3 Nc5 18. Rxc5 dxc5 19. axb4 axb4 20. Ng5 h6 21. Ngf3 Qa5 22. Qe3 Bxb2 23. Bxh6 c4 24. e5 Qc7 25. Qg5 Kh7 26. Bf8 Rxf8 27. Qh4+ Kg7 28. Ng5 Rh8 29. Qf4 Raf8 30. Ndf3 b3 31. Nd4 Bxd4 32. Qxd4 Kg8 33. Qe4 Kg7 34. Rd1 c3 35. d6 Qd7 36. e6 Qe8 37. exf7 Rxf7 38. Nxf7 Qxf7 39. Qe5+ Qf6 40. Qe3 c2 41. Rc1 b2 42. Rxc2 b1Q+ 43. Rc1 Qb4 44. d7 Rd8 45. Qa7 Qd2 46. Rf1 Rxd7 47. Qa3 Rd3 48. Qa7 b4 49. Qa4 Ra3 0-1